| 000 | 00772nam a2200277Ia 4500 | ||
|---|---|---|---|
| 001 | 21893 | ||
| 005 | 20240114000616.0 | ||
| 007 | ta | ||
| 008 | 060310s1997 a g b000 u asm u | ||
| 040 | _aCotton Collrge,Assam | ||
| 041 | _aasm | ||
| 082 |
_a891.41108 _bDa 26 Am |
||
| 100 | _aDas, Banajit . | ||
| 245 | 0 |
_aAmar Kabita / _cBanajit Das, Kishori Mohan Pathak & Haren Kakoti. _hTextual Documents |
|
| 250 | _a1st ed. / | ||
| 260 |
_aGuwahati : _bRajdhani Sahitya Tirtha , _c1997. |
||
| 300 |
_a98p. : _bill ; _c22cm . |
||
| 653 | _aAssamese | ||
| 653 | _aG-Assamese | ||
| 653 | _aAssamese Poetry Collection | ||
| 700 | _aPathak, Kishori Mohan . | ||
| 700 | _aKakoti, Haren . | ||
| 942 |
_2ddc _cBK |
||
| 999 |
_c21875 _d21875 |
||